[Event "Madrid-chT 2425"]
[Site "Madrid"]
[Date "2024.12.15"]
[Round "3.5"]
[White "Fernandez Alvarez, Luis"]
[Black "Cuadrado Carmona, Javier"]
[Result "1/2-1/2"]
[WhiteElo "2197"]
[BlackElo "2028"]
[PlyCount "198"]
[GameId "2126650235109495"]
[EventDate "2024.11.24"]
[EventType "team-tourn"]
[EventRounds "14"]
[EventCountry "ESP"]
[SourceVersionDate "2011.03.15"]
[WhiteTeam "San Sebastian de los Reyes"]
[BlackTeam "Jaque Mate"]
[WhiteTeamCountry "ESP"]
[BlackTeamCountry "ESP"]

1. e4 e5 2. Nf3 Nc6 3. Bb5 a6 4. Bxc6 dxc6 5. O-O f6 6. d4 exd4 7. Nxd4 Bd6 8. Qh5+ g6 9. Qf3 Qe7 10. Bf4 Bd7 11. Nc3 Bxf4 12. Qxf4 O-O-O 13. Rad1 h5 14. Rfe1 Nh6 15. Nb3 Ng4 16. f3 g5 17. Qc1 Ne5 18. Qe3 Kb8 19. Qc5 Qxc5+ 20. Nxc5 Bc8 21. Kf2 b6 22. Nd3 Ng6 23. Re2 Rhe8 24. Red2 Bb7 25. Ne2 h4 26. Ndc1 Kc8 27. Rxd8+ Rxd8 28. Rxd8+ Kxd8 29. Ke3 Ke7 30. Nd3 c5 31. f4 Nh8 32. Ne1 Nf7 33. Nf3 Ke6 34. Nc3 Bc6 35. Nb1 Bb7 36. Nbd2 Bc6 37. c4 Bb7 38. b3 b5 39. Ne1 Kd6 40. Nd3 Bc8 41. Nf3 bxc4 42. bxc4 Be6 43. e5+ fxe5 44. fxg5 Bxc4 45. a3 Bd5 46. g6 Nh6 47. Ndxe5 Ke6 48. Kf4 Kf6 49. Nxh4 c4 50. g4 Ng8 51. g5+ Ke6 52. Nf5 c3 53. h4 c5 54. h5 c2 55. Nd3 Bc4 56. Nc1 Ne7 57. Nxe7 Kxe7 58. h6 Kf8 59. Kf5 Bd5 60. Kf6 Kg8 61. Ke5 Bc4 62. Kd6 Kh8 63. Kxc5 Be6 64. Kd6 Bc4 65. Ke7 Kg8 66. Kf6 Bd5 67. g7 Kh7 68. Ke7 Bc4 69. Kf8 Bd5 70. a4 a5 71. Nd3 Bb3 72. Nc1 Bc4 73. Ke7 Bg8 74. Kf6 Bd5 75. Ke5 Bg8 76. Kd6 Kg6 77. Ke7 Kh7 78. Kf8 Bd5 79. Ne2 Bc4 80. Nc1 Bd5 81. Ke7 Bg8 82. Kf6 Bd5 83. Kf5 Bg8 84. Kg4 Kg6 85. Kf4 Kh7 86. Ke3 Kg6 87. Kd2 Kxg5 88. Kxc2 Kxh6 89. Nb3 Kxg7 90. Nxa5 Kf6 91. Kc3 Ke6 92. Kb4 Kd6 93. Kb5 Bf7 94. Kb6 Kd7 95. Nb7 Bc4 96. a5 Bf1 97. Nc5+ Kc8 98. Nb3 Kb8 99. a6 Bxa6 1/2-1/2

[Event "Madrid-chT 2425"]
[Site "Madrid"]
[Date "2024.12.15"]
[Round "3.6"]
[White "Serrano Ruiz, Lope"]
[Black "Hernandez Ramos, David"]
[Result "1-0"]
[WhiteElo "1996"]
[BlackElo "2115"]
[PlyCount "75"]
[GameId "2126659818049671"]
[EventDate "2024.11.24"]
[EventType "team-tourn"]
[EventRounds "14"]
[EventCountry "ESP"]
[SourceVersionDate "2011.03.15"]
[WhiteTeam "Jaque Mate"]
[BlackTeam "San Sebastian de los Reyes"]
[WhiteTeamCountry "ESP"]
[BlackTeamCountry "ESP"]

1. e4 e6 2. Nf3 d5 3. e5 c5 4. b4 d4 5. bxc5 Bxc5 6. Bd3 Ne7 7. Qe2 Nbc6 8. O-O Ng6 9. Qe4 Qc7 10. Re1 b6 11. Qg4 Bb7 12. Be4 O-O-O 13. Qg3 Rhe8 14. Ba3 f5 15. Bxc5 bxc5 16. Bd3 Nb4 17. Na3 Nxd3 18. cxd3 Ba6 19. Nc4 Bxc4 20. dxc4 Rd7 21. Rab1 Ne7 22. Rb5 a6 23. Rb2 Nc6 24. d3 h6 25. h4 Rf8 26. Reb1 f4 27. Qg6 Re7 28. Rb6 Nb4 29. Rxe6 Rxe6 30. Qxe6+ Qd7 31. Qb6 Qc7 32. Qg6 Qf7 33. Qd6 a5 34. Qxc5+ Kd7 35. a3 Rc8 36. Qxd4+ Ke8 37. axb4 Rd8 38. Qe4 1-0

[Event "Madrid-chT 2425"]
[Site "Madrid"]
[Date "2024.12.21"]
[Round "4.2"]
[White "Garrido Dominguez, Jesus"]
[Black "Mkrtchyan, Levon"]
[Result "1-0"]
[WhiteElo "2389"]
[BlackElo "2268"]
[PlyCount "91"]
[GameId "2126678794544118"]
[EventDate "2024.11.24"]
[EventType "team-tourn"]
[EventRounds "14"]
[EventCountry "ESP"]
[SourceVersionDate "2011.03.15"]
[WhiteTeam "Villalba 64"]
[BlackTeam "Tajamar"]
[WhiteTeamCountry "ESP"]
[BlackTeamCountry "ESP"]

1. e4 e6 2. d4 d5 3. Nd2 Nc6 4. Ngf3 Nf6 5. e5 Nd7 6. Be2 f6 7. exf6 Qxf6 8. Nf1 Bd6 9. Ne3 O-O 10. O-O Kh8 11. b3 Ne7 12. Bd3 h6 13. c3 e5 14. Ng4 Qe6 15. Ngxe5 Bxe5 16. Nxe5 Nxe5 17. dxe5 Qxe5 18. Ba3 Rf7 19. Re1 Qf6 20. Rxe7 Rxe7 21. Bxe7 Qxe7 22. Qh5 Be6 23. Re1 Qf6 24. Qe5 Qxe5 25. Rxe5 Bg8 26. Re7 Rc8 27. g4 Bh7 28. Bxh7 Kxh7 29. Rd7 c5 30. Rxd5 Rc7 31. Kg2 g5 32. Rd6 b6 33. Re6 Rf7 34. Kf1 Kg7 35. Ke2 Rd7 36. a4 Rf7 37. Rc6 Re7+ 38. Kf1 Rd7 39. Ke2 Re7+ 40. Kd3 Rf7 41. Kc4 Rxf2 42. Rc7+ Kg8 43. Rxa7 Rxh2 44. Rb7 h5 45. Rxb6 hxg4 46. Rg6+ 1-0

[Event "Madrid-chT 2425"]
[Site "Madrid"]
[Date "2024.12.21"]
[Round "4.3"]
[White "Rodriguez Avila, Alvaro"]
[Black "Aranda Marin, Cristian"]
[Result "1-0"]
[WhiteElo "2248"]
[BlackElo "2350"]
[PlyCount "71"]
[GameId "2154865535198040"]
[EventDate "2024.11.24"]
[EventType "team-tourn"]
[EventRounds "14"]
[EventCountry "ESP"]
[SourceVersionDate "2011.03.15"]
[WhiteTeam "Tajamar"]
[BlackTeam "Villalba 64"]
[WhiteTeamCountry "ESP"]
[BlackTeamCountry "ESP"]

1. e4 c5 2. Nf3 e6 3. d4 cxd4 4. Nxd4 Bc5 5. Nb3 Bb6 6. Nc3 Ne7 7. Bf4 d5 8. exd5 exd5 9. Bd3 O-O 10. O-O Nbc6 11. a3 a6 12. Re1 d4 13. Ne4 Bf5 14. Nf6+ Kh8 15. Bg5 Qd6 16. Ne4 Qd5 17. Qd2 f6 18. Bf4 Ng6 19. Bg3 Nge5 20. Bxe5 Nxe5 21. Qb4 Nxd3 22. cxd3 Qb5 23. Rac1 Qxb4 24. axb4 Rad8 25. Nbc5 Bc8 26. h3 h6 27. Nd2 Rfe8 28. Nc4 Rxe1+ 29. Rxe1 Bxc5 30. bxc5 Bf5 31. Nd6 Bg6 32. Nxb7 Rb8 33. Nd6 Rd8 34. Ra1 Kg8 35. Rxa6 Bxd3 36. Ra4 1-0

[Event "Madrid-chT 2425"]
[Site "Madrid"]
[Date "2024.12.21"]
[Round "4.4"]
[White "Gavarrete, Nahun"]
[Black "Rodriguez Lopez, David"]
[Result "1-0"]
[WhiteElo "2242"]
[BlackElo "2197"]
[PlyCount "97"]
[GameId "2126818746122307"]
[EventDate "2024.11.24"]
[EventType "team-tourn"]
[EventRounds "14"]
[EventCountry "ESP"]
[SourceVersionDate "2011.03.15"]
[WhiteTeam "Villalba 64"]
[BlackTeam "Tajamar"]
[WhiteTeamCountry "ESP"]
[BlackTeamCountry "ESP"]

1. e4 e5 2. Nf3 Nc6 3. Bb5 a6 4. Ba4 Nf6 5. d3 d6 6. c3 Be7 7. Nbd2 O-O 8. O-O b5 9. Bc2 Re8 10. Re1 Bf8 11. a4 Rb8 12. d4 h6 13. h3 g6 14. axb5 axb5 15. Nf1 exd4 16. cxd4 Bg7 17. Ng3 Nb4 18. Bb3 c5 19. Bd2 Nc6 20. dxc5 dxc5 21. Bf4 Rb7 22. e5 Nh7 23. Bd5 Nd4 24. Bxb7 Bxb7 25. Ne4 Bxe4 26. Rxe4 Nxf3+ 27. Qxf3 Nf8 28. Rd1 Qc8 29. b4 Ne6 30. bxc5 Qxc5 31. Qe3 Qf8 32. Rd5 Rb8 33. Qd2 b4 34. Be3 h5 35. Qb2 Qe7 36. Qb3 Qb7 37. f3 Bf8 38. Rd1 Qb5 39. f4 Ra8 40. Qd5 Qxd5 41. Rxd5 Ra1+ 42. Kf2 Rb1 43. Rb5 Kg7 44. g4 b3 45. f5 Nc7 46. Rb7 b2 47. Bd4 Bc5 48. Bxc5 Rh1 49. Re1 1-0

[Event "Madrid-chT 2425"]
[Site "Madrid"]
[Date "2024.12.21"]
[Round "4.5"]
[White "Roquero Redondo, Miguel"]
[Black "Pascual Palomo, Lucia"]
[Result "0-1"]
[WhiteElo "2076"]
[BlackElo "2108"]
[PlyCount "104"]
[GameId "2126820353192689"]
[EventDate "2024.11.24"]
[EventType "team-tourn"]
[EventRounds "14"]
[EventCountry "ESP"]
[SourceVersionDate "2011.03.15"]
[WhiteTeam "Tajamar"]
[BlackTeam "Villalba 64"]
[WhiteTeamCountry "ESP"]
[BlackTeamCountry "ESP"]

1. e4 e6 2. d4 d5 3. Nd2 Nf6 4. e5 Nfd7 5. f4 c5 6. c3 Nc6 7. Ndf3 f6 8. Bd3 g6 9. h4 cxd4 10. cxd4 Bb4+ 11. Bd2 Nf8 12. h5 f5 13. a3 Be7 14. b4 Qb6 15. Ne2 a6 16. Kf2 Bd7 17. hxg6 Nxg6 18. g4 O-O-O 19. gxf5 exf5 20. Qb1 Rdf8 21. Rh5 Kb8 22. Be3 Qd8 23. Qh1 Rf7 24. Rg1 Nf8 25. Qh3 Qc8 26. Ng3 Rg8 27. Rc1 Rfg7 28. Rg1 Nd8 29. Rc1 Nc6 30. Rg1 Nd8 31. Nxf5 Bxf5 32. Qxf5 Qc3 33. Rxg7 Rxg7 34. Be2 Qxa3 35. Ng5 Qxb4 36. Nxh7 Nfe6 37. Qd3 Nc6 38. f5 Rf7 39. f6 Ncxd4 40. Bg4 Qb2+ 41. Kg3 Bb4 42. Rh1 Bc5 43. Rb1 Qa2 44. Rc1 Qa5 45. Rxc5 Nxc5 46. Qxd4 Qe1+ 47. Bf2 Ne4+ 48. Kf3 Nxf2 49. Qxf2 Qxe5 50. Kg2 Qe4+ 51. Kg3 Qxh7 52. Qf4+ Ka8 0-1

[Event "Madrid-chT 2425"]
[Site "Madrid"]
[Date "2024.12.21"]
[Round "4.6"]
[White "Velasco Garcia, Jorge Juan"]
[Black "Rojas Pozo, Jose Luis"]
[Result "0-1"]
[WhiteElo "1938"]
[BlackElo "1958"]
[PlyCount "54"]
[GameId "2126830474364403"]
[EventDate "2024.11.24"]
[EventType "team-tourn"]
[EventRounds "14"]
[EventCountry "ESP"]
[SourceVersionDate "2011.03.15"]
[WhiteTeam "Villalba 64"]
[BlackTeam "Tajamar"]
[WhiteTeamCountry "ESP"]
[BlackTeamCountry "ESP"]

1. d4 Nf6 2. Nf3 b6 3. Bg5 Bb7 4. e3 e6 5. Nbd2 d5 6. Bd3 Be7 7. Qe2 Nbd7 8. c3 O-O 9. h4 Ne4 10. Bf4 Ndf6 11. Ng5 Bd6 12. Be5 h6 13. Bf4 Nxd2 14. Kxd2 Bxf4 15. exf4 c5 16. Nf3 cxd4 17. Nxd4 Qd6 18. g3 Ne4+ 19. Ke1 Rfe8 20. Nf3 f6 21. Kf1 e5 22. fxe5 fxe5 23. Bxe4 dxe4 24. Ne1 e3 25. Rh2 exf2 26. Rxf2 Rf8 27. Nf3 Bxf3 0-1

[Event "Madrid-chT 2425"]
[Site "Madrid"]
[Date "2024.12.22"]
[Round "4.1"]
[White "Candela Perez, Jose"]
[Black "Reyes Larena, Juan"]
[Result "1/2-1/2"]
[WhiteElo "2295"]
[BlackElo "2432"]
[PlyCount "20"]
[GameId "2126842092377944"]
[EventDate "2024.11.24"]
[EventType "team-tourn"]
[EventRounds "14"]
[EventCountry "ESP"]
[SourceVersionDate "2011.03.15"]
[WhiteTeam "Alcala de Henares"]
[BlackTeam "San Sebastian de los Reyes"]
[WhiteTeamCountry "ESP"]
[BlackTeamCountry "ESP"]

1. d4 Nf6 2. c4 g6 3. Nc3 Bg7 4. e4 d6 5. Nf3 O-O 6. Be3 Bg4 7. Be2 Nc6 8. d5 Bxf3 9. Bxf3 Na5 10. Be2 Nd7 1/2-1/2

[Event "Madrid-chT 2425"]
[Site "Madrid"]
[Date "2024.12.22"]
[Round "4.2"]
[White "Alfaya Marcelo, Roberto"]
[Black "Palenciano Escolar, Adrian"]
[Result "0-1"]
[WhiteElo "2235"]
[BlackElo "2119"]
[PlyCount "116"]
[GameId "2126842718087240"]
[EventDate "2024.11.24"]
[EventType "team-tourn"]
[EventRounds "14"]
[EventCountry "ESP"]
[SourceVersionDate "2011.03.15"]
[WhiteTeam "San Sebastian de los Reyes"]
[BlackTeam "Alcala de Henares"]
[WhiteTeamCountry "ESP"]
[BlackTeamCountry "ESP"]

1. d4 Nf6 2. c4 g6 3. Nf3 Bg7 4. g3 O-O 5. Bg2 d6 6. Nc3 Nbd7 7. O-O e5 8. Qc2 exd4 9. Nxd4 c6 10. Rd1 Qe7 11. e4 Ne5 12. Qe2 Bg4 13. f3 Be6 14. b3 Rad8 15. Be3 Bc8 16. Rac1 Ned7 17. Qd2 d5 18. exd5 cxd5 19. Re1 dxc4 20. Bf4 Qb4 21. a3 Qb6 22. Na4 Qa6 23. Rxc4 Nd5 24. Bf1 b5 25. Rc2 Nxf4 26. Qxf4 Nb6 27. Nxb5 Nxa4 28. Qxa4 Qb6+ 29. Kg2 Bf5 30. Rcc1 Rd2+ 31. Re2 Qe3 32. Rce1 Bd3 33. Qxa7 Qxa7 34. Nxa7 Bxe2 35. Rxe2 Rd3 36. b4 Rxa3 37. Nc6 Rfa8 38. b5 Rb3 39. Rc2 Bf6 40. Bc4 Rb1 41. f4 Kg7 42. Kf3 Ra4 43. Ke4 Rxb5 44. Ne5 Rbb4 45. Kd3 Bxe5 46. fxe5 Kf8 47. g4 Ke7 48. h4 Ra3+ 49. Kd4 Rf3 50. Kc5 Rb7 51. Kc6 Ra7 52. h5 Rf4 53. hxg6 hxg6 54. Bb5 Rd7 55. Kb6 Rd5 56. Rc7+ Kf8 57. Rc8+ Kg7 58. Re8 Rb4 0-1

[Event "Madrid-chT 2425"]
[Site "Madrid"]
[Date "2024.12.22"]
[Round "4.3"]
[White "Gomez Gonzalez, Javier"]
[Black "Martinez Fernandez, Raul"]
[Result "1/2-1/2"]
[WhiteElo "2106"]
[BlackElo "2200"]
[PlyCount "65"]
[GameId "2154865535198041"]
[EventDate "2024.11.24"]
[EventType "team-tourn"]
[EventRounds "14"]
[EventCountry "ESP"]
[SourceVersionDate "2011.03.15"]
[WhiteTeam "Alcala de Henares"]
[BlackTeam "Tajamar"]
[WhiteTeamCountry "ESP"]
[BlackTeamCountry "ESP"]

1. e4 e5 2. Nf3 Nc6 3. Bb5 a6 4. Ba4 Nf6 5. O-O Be7 6. Re1 b5 7. Bb3 O-O 8. d3 Bb7 9. a3 d5 10. exd5 Nxd5 11. Nc3 Nxc3 12. bxc3 Bf6 13. Bd2 Re8 14. Rb1 Na5 15. c4 Nxb3 16. Rxb3 Bxf3 17. Qxf3 bxc4 18. Rb7 cxd3 19. cxd3 Qd6 20. g3 Rad8 21. Rb3 Re7 22. Ba5 Rc8 23. Qb7 Ree8 24. Rc1 c5 25. Qe4 Bd8 26. Bd2 g6 27. Be3 Be7 28. Rbc3 Qe6 29. Bxc5 Bxc5 30. Rxc5 Rxc5 31. Rxc5 Qd6 32. Qc4 Re6 33. Rc8+ 1/2-1/2

[Event "Madrid-chT 2425"]
[Site "Madrid"]
[Date "2024.12.22"]
[Round "4.4"]
[White "Reyes Penas, Sebastian"]
[Black "Nunez Miranda, Adrian"]
[Result "1-0"]
[WhiteElo "2194"]
[BlackElo "2115"]
[PlyCount "119"]
[GameId "2126975602282791"]
[EventDate "2024.11.24"]
[EventType "team-tourn"]
[EventRounds "14"]
[EventCountry "ESP"]
[SourceVersionDate "2011.03.15"]
[WhiteTeam "San Sebastian de los Reyes"]
[BlackTeam "Alcala de Henares"]
[WhiteTeamCountry "ESP"]
[BlackTeamCountry "ESP"]

1. Nf3 c5 2. e4 d6 3. d4 cxd4 4. Nxd4 Nf6 5. Nc3 Nc6 6. g3 Bg4 7. f3 Bd7 8. Be3 a6 9. Qd2 e6 10. O-O-O h5 11. f4 Qc7 12. Nxc6 Bxc6 13. Bg2 O-O-O 14. Kb1 Be7 15. h3 d5 16. Qf2 dxe4 17. Bb6 Rxd1+ 18. Rxd1 Qb8 19. Qd4 h4 20. Nxe4 Nd7 21. Qxg7 Rf8 22. Be3 hxg3 23. Qxg3 Qc7 24. Qg7 Nb6 25. Nd2 Bxg2 26. Qxg2 Rd8 27. Bxb6 Qxb6 28. Qf3 Qa5 29. Nb3 Rxd1+ 30. Qxd1 Qf5 31. Qg4 Bd6 32. Qxf5 exf5 33. Nd4 Bxf4 34. Nxf5 Kd7 35. Nd4 Kd6 36. c4 Kc5 37. Ne2 Bh6 38. b3 f5 39. Kc2 Kb4 40. a4 f4 41. Nd4 Bg7 42. Nf3 b6 43. Ne1 Ka3 44. h4 Bf6 45. h5 Bg7 46. Nd3 f3 47. a5 bxa5 48. c5 a4 49. c6 axb3+ 50. Kb1 Be5 51. Nxe5 f2 52. Nc4+ Kb4 53. Ne3 Kc3 54. c7 Kd3 55. Nf1 Ke2 56. Nh2 a5 57. c8=Q a4 58. Qc4+ Kd1 59. Qd3+ Ke1 60. Nf3# 1-0

[Event "Madrid-chT 2425"]
[Site "Madrid"]
[Date "2024.12.22"]
[Round "4.5"]
[White "Yanez Rodriguez, Wilbert"]
[Black "Hernandez Ramos, David"]
[Result "0-1"]
[WhiteElo "2109"]
[BlackElo "2115"]
[PlyCount "90"]
[GameId "2126977117511982"]
[EventDate "2024.11.24"]
[EventType "team-tourn"]
[EventRounds "14"]
[EventCountry "ESP"]
[SourceVersionDate "2011.03.15"]
[WhiteTeam "Alcala de Henares"]
[BlackTeam "San Sebastian de los Reyes"]
[WhiteTeamCountry "ESP"]
[BlackTeamCountry "ESP"]

1. Nf3 d5 2. g3 Bg4 3. Bg2 Nd7 4. O-O e5 5. d3 Bd6 6. Nbd2 c6 7. e4 dxe4 8. dxe4 Qe7 9. Nc4 Bc5 10. a4 Ngf6 11. h3 Bh5 12. Qe2 O-O 13. c3 a5 14. Rd1 Rfd8 15. Bd2 Nb6 16. g4 Nxc4 17. Qxc4 Bg6 18. Bg5 Ba7 19. Bh4 h5 20. Nh2 Rxd1+ 21. Rxd1 Rd8 22. Rxd8+ Qxd8 23. Qe2 Qd6 24. Nf1 hxg4 25. hxg4 Qe6 26. Bf3 Nd7 27. Qd2 Bb6 28. b4 axb4 29. cxb4 Bd4 30. Ne3 Qb3 31. Kg2 Qxa4 32. Nf5 Bxf5 33. exf5 Qb3 34. g5 Qb2 35. Qe1 Nb6 36. g6 Nc4 37. gxf7+ Kxf7 38. Bh5+ Kf8 39. Qe4 Qd2 40. f6 Qh6 41. Qf5 gxf6 42. Qc8+ Kg7 43. Qd7+ Kh8 44. Qe8+ Kh7 45. Bxf6 Qxf6 0-1

[Event "Madrid-chT 2425"]
[Site "Madrid"]
[Date "2024.12.22"]
[Round "4.6"]
[White "Hernandez Ramos, Alberto"]
[Black "Candela Martin, Alvaro"]
[Result "1/2-1/2"]
[WhiteElo "2012"]
[BlackElo "2009"]
[PlyCount "115"]
[GameId "2126978695340395"]
[EventDate "2024.11.24"]
[EventType "team-tourn"]
[EventRounds "14"]
[EventCountry "ESP"]
[SourceVersionDate "2011.03.15"]
[WhiteTeam "San Sebastian de los Reyes"]
[BlackTeam "Alcala de Henares"]
[WhiteTeamCountry "ESP"]
[BlackTeamCountry "ESP"]

1. d4 d5 2. Nf3 e6 3. c4 c6 4. Nbd2 Nf6 5. g3 Be7 6. Bg2 O-O 7. O-O b6 8. Ne5 Bb7 9. cxd5 cxd5 10. Nb1 Nc6 11. Nxc6 Bxc6 12. Nc3 Rc8 13. Bg5 Ne4 14. Nxe4 dxe4 15. Be3 Qd7 16. Qd2 Rfd8 17. Rfd1 Bd5 18. a3 f5 19. Rdc1 Bc4 20. Rc3 e5 21. Rd1 Bf6 22. b3 Ba6 23. Rxc8 Qxc8 24. d5 Rd6 25. f3 exf3 26. exf3 Bb7 27. Bf1 a6 28. a4 Qd7 29. Qb4 Bd8 30. Bc4 Bc7 31. Qc3 b5 32. axb5 axb5 33. Bxb5 Qxb5 34. Qxc7 Rxd5 35. Rxd5 Qxd5 36. Qc4 Qxc4 37. bxc4 Bxf3 38. Kf2 Bc6 39. Bb6 Kf7 40. Bc7 Ke6 41. Bd8 Kd6 42. Ke3 Kc5 43. Bc7 e4 44. Be5 g6 45. Bf4 Kxc4 46. h4 Kc3 47. Bh6 Kc2 48. Bg5 Kd1 49. Kf2 Bb5 50. Bh6 Kc2 51. Ke3 Kc3 52. Bf4 Kc4 53. Bg5 Kd5 54. Bh6 Ke6 55. Bg5 Kf7 56. Bh6 Bd7 57. Kf4 Kf6 58. Ke3 1/2-1/2

[Event "Madrid-chT 2425"]
[Site "Madrid"]
[Date "2024.12.22"]
[Round "4.1"]
[White "Vazquez Igarza, Renier"]
[Black "Taboas Rodriguez, Daniel"]
[Result "1/2-1/2"]
[WhiteElo "2495"]
[BlackElo "2333"]
[PlyCount "31"]
[GameId "2126981128458752"]
[EventDate "2024.11.24"]
[EventType "team-tourn"]
[EventRounds "14"]
[EventCountry "ESP"]
[SourceVersionDate "2011.03.15"]
[WhiteTeam "Collado Villalba"]
[BlackTeam "Blanco y Negro"]
[WhiteTeamCountry "ESP"]
[BlackTeamCountry "ESP"]

1. d4 Nf6 2. c4 g6 3. Nf3 Bg7 4. Nc3 O-O 5. e4 d6 6. Be2 e5 7. d5 Nbd7 8. Bg5 h6 9. Bh4 g5 10. Bg3 Nh5 11. h4 g4 12. Nd2 Ndf6 13. Nf1 Nf4 14. Ne3 h5 15. f3 Bh6 16. Bf2 1/2-1/2

[Event "Madrid-chT 2425"]
[Site "Madrid"]
[Date "2024.12.22"]
[Round "4.3"]
[White "Suarez Uriel, Adrian"]
[Black "Hidalgo Duque, Carlos"]
[Result "1-0"]
[WhiteElo "2398"]
[BlackElo "2247"]
[PlyCount "57"]
[GameId "2126982233526793"]
[EventDate "2024.11.24"]
[EventType "team-tourn"]
[EventRounds "14"]
[EventCountry "ESP"]
[SourceVersionDate "2011.03.15"]
[WhiteTeam "Collado Villalba"]
[BlackTeam "Blanco y Negro"]
[WhiteTeamCountry "ESP"]
[BlackTeamCountry "ESP"]

1. d4 d5 2. c4 e6 3. Nc3 c6 4. Nf3 Nf6 5. e3 Nbd7 6. Qc2 Bd6 7. g4 h6 8. h4 Nxg4 9. Rg1 h5 10. e4 dxe4 11. Nxe4 Bb4+ 12. Bd2 Bxd2+ 13. Qxd2 Ndf6 14. Neg5 Qe7 15. O-O-O Bd7 16. Ne5 Rf8 17. Rg3 Rd8 18. Bd3 Bc8 19. Ngxf7 Rxd4 20. Qe1 Rxf7 21. Nxf7 Qxf7 22. f3 Ne4 23. fxe4 Qf4+ 24. Kc2 Nf2 25. Rxg7 Nxd1 26. Qxd1 Kf8 27. Qg1 Rd7 28. Rg8+ Ke7 29. Rxc8 1-0

[Event "Madrid-chT 2425"]
[Site "Madrid"]
[Date "2024.12.22"]
[Round "4.4"]
[White "Alarcia Astiz, Carlos"]
[Black "Ruiz Buendia, Miguel"]
[Result "1/2-1/2"]
[WhiteElo "2239"]
[BlackElo "2317"]
[PlyCount "128"]
[GameId "2126983463150129"]
[EventDate "2024.11.24"]
[EventType "team-tourn"]
[EventRounds "14"]
[EventCountry "ESP"]
[SourceVersionDate "2011.03.15"]
[WhiteTeam "Blanco y Negro"]
[BlackTeam "Collado Villalba"]
[WhiteTeamCountry "ESP"]
[BlackTeamCountry "ESP"]

1. Nf3 d5 2. g3 g6 3. Bg2 Bg7 4. d4 Nf6 5. O-O O-O 6. c4 c6 7. b3 dxc4 8. bxc4 c5 9. e3 Nc6 10. Bb2 Qb6 11. Qb3 Nd7 12. Rd1 Na5 13. Qxb6 Nxb6 14. Bc3 Nbxc4 15. dxc5 Bg4 16. Bxg7 Kxg7 17. Nbd2 Nxd2 18. Rxd2 Rfd8 19. Rxd8 Rxd8 20. Nd4 Rc8 21. h3 Bd7 22. Rc1 e5 23. Nb3 Nxb3 24. axb3 Bc6 25. b4 e4 26. Bf1 a6 27. Rd1 Rc7 28. Kg2 Rd7 29. Rxd7 Bxd7 30. Bc4 f5 31. h4 Kf6 32. f4 exf3+ 33. Kxf3 Ke5 34. Kf2 h6 35. Bf7 g5 36. hxg5 hxg5 37. Bc4 Bb5 38. Bb3 Ke4 39. Bc2+ Bd3 40. Bb3 Ke5 41. Ke1 Bb1 42. Kf2 Be4 43. Ke2 Bc6 44. Bc2 Bd7 45. Kf2 Bc6 46. Ke2 Bd5 47. Kf2 Be4 48. Bb3 Kf6 49. Ke2 Bc6 50. Kf2 Ke5 51. Bc2 Bb5 52. Bb3 Bd7 53. Ke2 Be6 54. Bc2 Bc4+ 55. Kf2 f4 56. gxf4+ gxf4 57. exf4+ Kxf4 58. Bg6 Bb5 59. Bc2 Bc6 60. Bg6 Be4 61. Bf7 Ke5 62. Ke3 Bd5 63. Bg6 Bc6 64. Kd3 Bb5+ 1/2-1/2

[Event "Madrid-chT 2425"]
[Site "Madrid"]
[Date "2024.12.22"]
[Round "4.5"]
[White "Centeno Mendoza, Julio Stefano"]
[Black "Renteria Becerra, Jorge Elicer"]
[Result "0-1"]
[WhiteElo "2161"]
[BlackElo "2183"]
[PlyCount "57"]
[GameId "2126990738620988"]
[EventDate "2024.11.24"]
[EventType "team-tourn"]
[EventRounds "14"]
[EventCountry "ESP"]
[SourceVersionDate "2011.03.15"]
[WhiteTeam "Collado Villalba"]
[BlackTeam "Blanco y Negro"]
[WhiteTeamCountry "ESP"]
[BlackTeamCountry "ESP"]

1. e4 c5 2. c3 d6 3. d4 Nf6 4. Bd3 g6 5. Nf3 Bg7 6. O-O O-O 7. Re1 Bg4 8. h3 Bxf3 9. Qxf3 cxd4 10. cxd4 Nc6 11. d5 Ne5 12. Qd1 Nxd3 13. Qxd3 Nd7 14. Nc3 Nc5 15. Qe2 Qa5 16. Bd2 Rfc8 17. Rab1 Na4 18. b4 Nxc3 19. Bxc3 Qa4 20. Bxg7 Rc2 21. Qd1 Kxg7 22. Rb2 Rac8 23. a3 b5 24. Rxc2 Rxc2 25. Re3 Rc4 26. Qa1+ f6 27. Rc3 Rxb4 28. e5 fxe5 29. Rc7 0-1

[Event "Madrid-chT 2425"]
[Site "Madrid"]
[Date "2024.12.22"]
[Round "4.6"]
[White "Alba Linero, Emilio"]
[Black "Cancio Bello Ayes, Flavia"]
[Result "1-0"]
[WhiteElo "2189"]
[BlackElo "2069"]
[PlyCount "85"]
[GameId "2126995142644291"]
[EventDate "2024.11.24"]
[EventType "team-tourn"]
[EventRounds "14"]
[EventCountry "ESP"]
[SourceVersionDate "2011.03.15"]
[WhiteTeam "Blanco y Negro"]
[BlackTeam "Collado Villalba"]
[WhiteTeamCountry "ESP"]
[BlackTeamCountry "ESP"]

1. e4 d5 2. Nc3 d4 3. Nce2 e5 4. d3 Nf6 5. f4 Nc6 6. Nf3 exf4 7. Bxf4 Bg4 8. c3 Nh5 9. Bg5 Be7 10. Bxe7 Qxe7 11. cxd4 Bxf3 12. gxf3 Qh4+ 13. Kd2 O-O-O 14. d5 Ne5 15. Bg2 Qg5+ 16. f4 Nxf4 17. Nxf4 Qxf4+ 18. Kc3 c6 19. Qf1 Qg5 20. h4 Qe7 21. d4 Nd7 22. dxc6 bxc6 23. Qa6+ Kb8 24. a4 c5 25. Qb5+ Kc7 26. Qa5+ Kb8 27. Qb5+ Kc7 28. Rac1 Qf6 29. e5 Qb6 30. Qc4 Kb8 31. Qd5 Qb4+ 32. Kc2 Qxa4+ 33. Kb1 Qa6 34. dxc5 Nb6 35. Qb3 Rd3 36. Qxf7 Rd7 37. Qb3 Rd3 38. Rc3 Rxc3 39. Qxc3 Na4 40. Qb3+ Kc7 41. Qf7+ Kb8 42. Qd5 Qb5 43. Qd4 1-0

[Event "Madrid-chT 2425"]
[Site "Madrid"]
[Date "2024.12.22"]
[Round "4.1"]
[White "Torres Rebolledo, Alvaro"]
[Black "Plazuelo Pascual, Juan"]
[Result "0-1"]
[WhiteElo "2137"]
[BlackElo "2429"]
[PlyCount "102"]
[GameId "2127203814555693"]
[EventDate "2024.11.24"]
[EventType "team-tourn"]
[EventRounds "14"]
[EventCountry "ESP"]
[SourceVersionDate "2011.03.15"]
[WhiteTeam "Jaque Mate"]
[BlackTeam "Alcorcon Diagonal"]
[WhiteTeamCountry "ESP"]
[BlackTeamCountry "ESP"]

{[%evp 0,76,11,25,20,34,25,19,18,11,21,11,18,18,5,18,19,21,23,42,72,64,77,72,93,83,64,51,46,38,59,35,32,58,69,15,11,0,39,62,8,40,-5,1,117,117,243,0,-8,15,-67,-55,-249,-51,-82,-52,65,-55,-66,-129,-229,-134,-150,-157,-157,-133,-133,-198,-129,1,-225,1,-227,1,-312,-274,-340,-298,-318]} 1. e4 c6 2. Nf3 d5 3. d3 g6 4. Qe2 Bg7 5. g3 Bg4 6. h3 Bxf3 7. Qxf3 e6 8. Bg2 h5 9. O-O Bh6 10. Bxh6 Nxh6 11. Qe2 dxe4 12. dxe4 h4 13. g4 e5 14. Rd1 Nd7 15. Nd2 f6 16. Nc4 Nf7 17. Nd6+ Nxd6 18. Rxd6 Qe7 19. Rad1 O-O-O 20. Qe3 Nb6 21. Qa3 Rxd6 22. Qxd6 Qxd6 23. Rxd6 Rf8 24. g5 Nc4 25. Rxf6 Rxf6 26. gxf6 Kd7 27. b3 Nd6 28. Bf3 Ke6 29. Bg4+ Kxf6 30. f3 Kg5 31. Kf2 Kf4 32. c4 c5 33. Bd7 Nf7 34. Bc8 Nd8 35. Bd7 Nc6 36. Be8 Nd4 37. Bxg6 Nxf3 38. Bf5 Ng5 39. Bc8 Nxe4+ 40. Ke2 b6 41. a3 a5 42. Bg4 Ng5 43. Kf2 Nh7 44. Be6 Nf6 45. Bc8 Ke4 46. Ke2 Kd4 47. Kd2 Nh5 48. Bg4 Nf4 49. Bf5 e4 50. Bg4 e3+ 51. Kc2 a4 0-1